Calday- Famous literature - Statistics

General Stats
  • This quiz has been taken 66 times
  • The average score is 18 of 22
Answer Stats
Hint Answer % Correct
Pride and Prejudice Jane Austen
98%
War and Peace Leo Tolstoy
97%
Great Expectations Charles Dickens
95%
Wuthering Heights Emily Bronte
95%
Great Gatsby Francis Scott Fitzgerald
95%
The Iliad Homer
93%
The Odyssey Homer
92%
Sense and Sensibility Jane Austen
92%
Jane Eyre Charlotte Bronte
90%
Huckleberry Finn Mark Twain
90%
Crime and Punishment Fyodor Dostoevsky
87%
To Kill a Mockingbird Harper Lee
87%
Ulysses James Joyce
85%
Catcher in the Rye J.D. Salinger
85%
Grapes of Wrath John Steinbeck
82%
Moby Dick Herman Melville
79%
Tess of the d'Urbervilles Thomas Hardy
72%
Gulliver's Travels Johnathon Swift
70%
The Aeneid Virgil
62%
Far from the Madding Crowd Thomas Hardy
59%
Clockwork Orange Anthony Burgess
49%
Mayor of Casterbridge Thomas Hardy
44%
No matching quizzes found
Score Distribution
Percent of People with Each Score
Percentile by Number Answered
Your Score History
You have not taken this quiz